000 01059nam a22001817a 4500
999 _c61536
_d61536
005 20240322101214.0
008 240322c2023 ge ||||| |||| 00| 0 geo d
022 _a2346-7916
041 _ageo
245 _aსამარათალი და მსოფლიო :
_bევროპის უნივერსიტეტის სამართლის ინსტიტუტის საერთაშორისო სამეცნიერო რეფერირებადი ჟურნალი /
_cმთავარი რედაქტორი იოსებ კელენჯერიძე.
260 _aთბილისი,
_c2023.
300 _aV.
653 _aსამართალი და მსოფლიო
653 _aპერიოდიკა
700 _aკელენჯერიძე, იოსებ
_eრედაქტორი
_93268
856 _uhttps://iverieli.nplg.gov.ge/bitstream/1234/453248/5/Samartali_Da_Msoflio_2023_N26.pdf
_yელ. ვერსია pdf
942 _2udc
_cCR